[Event "Indywidualne Mistrzostwa Polski Mlodzikow do lat 10 - Chlopcy"]
[Site "Szklarska Poreba"]
[Date "1899-12-30"]
[Round "1.1"]
[White "Warchol, Kamil"]
[Black "Wozniak, Mateusz"]
[Result "1-0"]
[WhiteTitle "CM"]
[BlackTitle "II"]
[WhiteElo "1622"]
[BlackElo "1122"]

1. e4 c5 2. Nf3 d6 3. d4 cxd4 4. Nxd4 Nf6 5. Nc3 a6 6. Bc4 e6 7. O-O Nbd7 8. Bxe6
Be7 9. Bb3 O-O 10. Nf5 Nc5 11. Nxe7+ Qxe7 12. f3 Nxb3 13. axb3 h6 14. Bf4 Rd8
15. Qd4 Be6 16. Rfe1 Rac8 17. Rad1 Ne8 18. Rd2 Rd7 19. Rde2 Rcd8 20. Nd5 Bxd5
21. exd5 Qf8 22. Bd2 Nc7 23. c4 Re8 24. Bc3 Rxe2 25. Rxe2 f6 26. Bb4 Qf7 27. Qf4
Ne8 28. Re6 Re7 29. Qe4 Rxe6 30. dxe6 Qe7 31. f4 Kh8 32. f5 Kg8 33. Qd5 Kh7 34.
Qd4 Kg8 35. c5 dxc5 36. Bxc5 Qc7 37. b4 Qe5 38. Qxe5 fxe5 39. Kf2 Kh7 40. Kf3
g6 41. Ke4 gxf5+ 42. Kxf5 e4 43. Kxe4 Kg6 44. Ke5 h5 45. Be3 Kg7 46. h3 Kg6 47.
g4 hxg4 48. hxg4 Kg7 49. Bf4 Kg6 50. b3 Kg7 51. Kf5 Kf8 52. Be5 Kg8 53. g5 Kf8
54. Ke4 Ke7 55. Kd5 Kf8 56. g6 Kg8 57. e7 b6 58. Kc6 a5 59. b5 1-0

[Event "Indywidualne Mistrzostwa Polski Mlodzikow do lat 10 - Chlopcy"]
[Site "Szklarska Poreba"]
[Date "1899-12-30"]
[Round "1.2"]
[White "Jaszczuk, Piotr"]
[Black "Wielgus, Wojciech"]
[Result "0-1"]
[WhiteTitle "II"]
[BlackTitle "I"]
[WhiteElo "1112"]
[BlackElo "1572"]

1. e4 c5 2. Nf3 e6 3. d4 cxd4 4. Nxd4 a6 5. Nc3 b5 6. a3 Bb7 7. Bd3 Qb6 8. Nb3
Qc7 9. O-O Nf6 10. f4 d6 11. Kh1 Nbd7 12. Qe1 g6 13. Nd2 Bg7 14. Nf3 O-O 15. Qg3
Nc5 16. Qe1 Rfd8 17. Bd2 d5 18. e5 Nfe4 19. Bxe4 dxe4 20. Ng5 Qc6 21. Be3 Rac8
22. Bxc5 Qxc5 23. Ngxe4 Bxe4 24. Qxe4 Rd4 25. Qe2 Bh6 26. Qe3 Rxf4 27. Qxc5 Rxc5
28. Rfe1 Bg7 29. g3 Rf5 30. Rad1 Bxe5 31. Rd8+ Kg7 32. Re3 Bxc3 33. bxc3 Rf2 34.
Ra8 Rxc2 35. Rxa6 R5xc3 36. Rxc3 Rxc3 37. Ra5 Kf6 38. Kg2 Rb3 39. Kg1 b4 40. axb4
Rxb4 41. Ra6 Kf5 42. Ra7 Kf6 43. Ra6 Rb7 44. h3 Kf5 45. Ra5+ e5 46. Kf2 h5 47.
Kf3 Rb3+ 48. Kf2 Rb2+ 49. Kf3 Rh2 50. g4+ hxg4+ 51. hxg4+ Kf6 52. Ra6+ Kg5 53.
Kg3 Rd2 54. Kf3 Rd4 55. Ra5 f6 56. Ra6 Rf4+ 57. Kg3 Rxg4+ 58. Kh3 f5 59. Re6 Kf4
60. Kh2 e4 61. Kh3 e3 62. Kh2 Kf3 63. Kh3 e2 64. Kh2 Kf2 65. Kh3 e1=Q 66. Rxe1
Kxe1 67. Kh2 Kf2 68. Kh3 g5 69. Kh2 Rh4# 0-1

[Event "Indywidualne Mistrzostwa Polski Mlodzikow do lat 10 - Chlopcy"]
[Site "Szklarska Poreba"]
[Date "1899-12-30"]
[Round "1.3"]
[White "Bartodziej, Bartosz"]
[Black "Stachowiak, Bruno"]
[Result "1-0"]
[WhiteTitle "II+"]
[BlackTitle "II"]
[WhiteElo "1539"]
[BlackElo "1105"]

1. e4 e5 2. Nf3 Nc6 3. Bc4 Nf6 4. d3 h6 5. c3 Bc5 6. Nbd2 d6 7. Bb3 Be6 8. Bc2
Bg4 9. O-O Qd7 10. Re1 O-O-O 11. b4 Bb6 12. Nc4 g5 13. Nxb6+ cxb6 14. a4 Kb8 15.
Be3 Nh5 16. Bb3 Nf4 17. Bd5 Nxd5 18. exd5 Ne7 19. c4 f5 20. h3 Bh5 21. Nxe5 Bxd1
22. Nxd7+ Rxd7 23. Raxd1 f4 24. Bd4 Rh7 25. Re6 Nf5 26. Bc3 Nh4 27. c5 bxc5 28.
bxc5 dxc5 29. Re8+ Kc7 30. Be5+ Kb6 31. Re6+ Ka5 32. Bc3+ Kxa4 33. Re2 Rxd5 34.
Rb2 Nf3+ 35. gxf3 Rxd3 36. Ra1# 1-0

[Event "Indywidualne Mistrzostwa Polski Mlodzikow do lat 10 - Chlopcy"]
[Site "Szklarska Poreba"]
[Date "1899-12-30"]
[Round "1.4"]
[White "Chmielewski, Jakub"]
[Black "Olszewski, Antoni"]
[Result "0-1"]
[WhiteTitle "II"]
[BlackTitle "II"]
[WhiteElo "1098"]
[BlackElo "1514"]

1. d4 d5 2. Nf3 Nf6 3. c3 e6 4. Bg5 Be7 5. e3 O-O 6. Bd3 h6 7. Bh4 b6 8. O-O Bb7
9. Nbd2 Nbd7 10. Qc2 c5 11. Rfe1 Rc8 12. b3 cxd4 13. exd4 a6 14. h3 b5 15. Qb2
Qa5 16. b4 Qc7 17. Rac1 Nb6 18. Bg3 Bd6 19. Ne5 Nh5 20. Bh2 f6 21. Nef3 Bxh2+
22. Nxh2 Nf4 23. Bc2 e5 24. dxe5 fxe5 25. Ndf3 Nc4 26. Qb1 e4 27. Nd4 Qf7 28.
Ne2 Nxh3+ 29. gxh3 Qxf2+ 30. Kh1 Ne3 31. Rg1 Qxe2 32. Bxe4 dxe4 33. Qb3+ Bd5 34.
Rce1 Qxe1 35. Qb2 Rf2 36. Rxe1 Rxb2 37. Rxe3 h5 38. Nf1 Rf8 39. Ng3 h4 0-1

[Event "Indywidualne Mistrzostwa Polski Mlodzikow do lat 10 - Chlopcy"]
[Site "Szklarska Poreba"]
[Date "1899-12-30"]
[Round "1.5"]
[White "Mulawa, Cyprian"]
[Black "Makuch, Tomasz"]
[Result "1/2-1/2"]
[WhiteTitle "II"]
[BlackTitle "II"]
[WhiteElo "1449"]
[BlackElo "1098"]

1. e4 c5 2. Nf3 g6 3. d4 cxd4 4. Qxd4 Nf6 5. e5 Nc6 6. Qa4 Nd5 7. Qb3 Nb6 8. Bf4
Bg7 9. c4 Na5 10. Qc2 d6 11. exd6 Bf5 12. Qc1 O-O 13. Bd2 Naxc4 14. Bxc4 Nxc4
15. Bc3 Nxd6 16. Bxg7 Kxg7 17. O-O Rc8 18. Nc3 Ne4 19. Qe3 Nxc3 20. bxc3 b6 21.
Rfe1 Re8 22. Nd4 Bd7 23. Qe5+ f6 24. Qe3 e5 25. Nb3 Qc7 26. Red1 Ba4 27. Qe4 Qc4
28. Qxc4 Rxc4 29. Rac1 Rec8 30. Rd3 Bxb3 31. axb3 R4c7 32. Kf1 Kf7 33. Ke2 Ke6
34. c4 b5 35. Rdc3 a5 36. c5 b4 37. Rc4 a4 38. Rxb4 axb3 39. Rb6+ Rc6 40. Rb1
Rxb6 41. cxb6 Rb8 42. Rxb3 Kd6 43. Rf3 f5 44. Rh3 Rb7 45. Rb3 Kc6 46. Re3 e4 47.
f3 Rxb6 48. fxe4 f4 49. Rd3 Rb2+ 50. Kf3 g5 51. h3 h5 52. Rd5 Rb3+ 53. Kf2 Rb2+
54. Kg1 Rb1+ 55. Kh2 g4 56. hxg4 hxg4 57. Rg5 f3 58. gxf3 gxf3 59. Rf5 Re1 60.
Rf4 f2 61. Kg2 f1=Q+ 62. Rxf1 Rxe4 1/2-1/2

[Event "Indywidualne Mistrzostwa Polski Mlodzikow do lat 10 - Chlopcy"]
[Site "Szklarska Poreba"]
[Date "1899-12-30"]
[Round "1.6"]
[White "Macura, Mateusz"]
[Black "Sowinski, Pawel"]
[Result "0-1"]
[WhiteTitle "II"]
[BlackTitle "I"]
[WhiteElo "1095"]
[BlackElo "1427"]

1. e4 e6 2. d4 d5 3. Nc3 dxe4 4. Nxe4 Nf6 5. Nxf6+ Qxf6 6. Nf3 h6 7. Be3 Nc6 8.
Bb5 Bd7 9. Ne5 Rd8 10. f4 Nxe5 11. fxe5 Qh4+ 12. g3 Qe4 13. Bxd7+ Rxd7 14. Rf1
Qxe3+ 15. Qe2 Qxe2+ 16. Kxe2 Rxd4 17. Ke3 Bc5 18. Kf3 O-O 19. Rf2 f6 20. exf6
Rxf6+ 21. Kg2 Rxf2+ 22. Kxf2 Rd1+ 23. Ke2 Rxa1 24. a3 Ra2 25. b4 Bg1 26. Kf3 Bxh2
27. c4 Rxa3+ 28. Ke4 Rxg3 29. Ke5 Kf7 30. Kd4 e5+ 31. Kxe5 Rg4+ 32. Kd5 c6+ 33.
Kc5 Ke6 34. b5 Bd6# 35. Kd4 0-1

[Event "Indywidualne Mistrzostwa Polski Mlodzikow do lat 10 - Chlopcy"]
[Site "Szklarska Poreba"]
[Date "1899-12-30"]
[Round "1.7"]
[White "Uhryn, Mateusz"]
[Black "Chomicki, Kornel"]
[Result "1-0"]
[WhiteTitle "II"]
[BlackTitle "II"]
[WhiteElo "1410"]
[BlackElo "1091"]

1. c4 e5 2. Nc3 Nc6 3. g3 d6 4. Bg2 Be6 5. e3 Qd7 6. d3 Nf6 7. Rb1 Be7 8. b4 a6
9. a4 Nd8 10. b5 axb5 11. axb5 c6 12. bxc6 bxc6 13. h3 O-O 14. Nge2 Qc7 15. O-O
Qd7 16. Kh2 Qc7 17. Qc2 Nb7 18. f4 exf4 19. exf4 Rfb8 20. f5 Bd7 21. d4 Qc8 22.
Na4 Bd8 23. g4 Na5 24. g5 Ne8 25. Rxb8 Rxb8 26. g6 hxg6 27. fxg6 f6 28. Ng3 Bc7
29. Bf4 Nb3 30. Qe4 Na5 31. Qe2 Qd8 32. Qh5 Rb4 33. Re1 Be6 34. Rxe6 f5 35. Qh7+
Kf8 36. Qh8# 1-0

[Event "Indywidualne Mistrzostwa Polski Mlodzikow do lat 10 - Chlopcy"]
[Site "Szklarska Poreba"]
[Date "1899-12-30"]
[Round "1.8"]
[White "Jablonski, Dawid"]
[Black "Suska, Szymon"]
[Result "0-1"]
[WhiteTitle "II"]
[BlackTitle "II"]
[WhiteElo "1087"]
[BlackElo "1362"]

1. d4 d5 2. c4 c6 3. cxd5 cxd5 4. Qc2 Nc6 5. Nf3 Nf6 6. Bf4 Bg4 7. Nbd2 Qb6 8.
Qc3 Rc8 9. Nb3 e5 10. dxe5 Bb4 11. exf6 Bxc3+ 12. bxc3 gxf6 13. h3 Bxf3 14. exf3
Na5 15. Be3 Qc7 16. Bb5+ Nc6 17. O-O O-O 18. Bc5 Rfe8 19. Nd4 a6 20. Bxc6 bxc6
21. Nf5 Re6 22. Nd4 Re5 23. f4 Rh5 24. Rfe1 Qxf4 25. Re2 Qc7 26. Re7 Qa5 27. Bb4
Qb6 28. Nb3 c5 29. Ba5 Qb5 30. Bc7 c4 31. Nd4 Qc5 32. Rd7 Rxc7 33. Rd8+ Kg7 34.
g4 Re5 35. f4 Re4 36. Kh1 Rxd4 37. cxd4 Qxd4 38. Re1 Rb7 39. h4 Qxf4 40. Ree8
Rb1+ 41. Kg2 Rb2+ 42. Kg1 Qf2+ 43. Kh1 Qf1# 0-1

[Event "Indywidualne Mistrzostwa Polski Mlodzikow do lat 10 - Chlopcy"]
[Site "Szklarska Poreba"]
[Date "1899-12-30"]
[Round "1.9"]
[White "Micula, Jakub"]
[Black "Cichon, Aleksander"]
[Result "1/2-1/2"]
[WhiteTitle "II+"]
[BlackTitle "III"]
[WhiteElo "1357"]
[BlackElo "1085"]

1. e4 e5 2. Nf3 Nc6 3. Bb5 d6 4. d4 Bd7 5. O-O Nf6 6. Re1 g6 7. c3 Bg7 8. h3 O-O
9. Ba4 Re8 10. Nbd2 Re7 11. d5 Nb8 12. Bc2 c6 13. c4 c5 14. Nf1 Ne8 15. Ng3 Na6
16. a3 f6 17. Bd2 Rf7 18. Rb1 Qc8 19. Bd3 f5 20. b4 b6 21. Qc2 f4 22. Nf1 Bf6
23. Qd1 Rg7 24. b5 Nac7 25. Be2 g5 26. N3h2 a6 27. a4 Be7 28. Bg4 Nf6 29. Bxd7
Qxd7 30. Ng4 Rg6 31. Nfh2 Nce8 32. Nxf6+ Nxf6 33. Ng4 a5 34. Qf3 Rf8 35. Rb3 Rf7
36. Re2 Rfg7 37. Re1 Nxg4 38. Qxg4 Qxg4 39. hxg4 h5 40. gxh5 Rh6 41. Rh3 g4 42.
Rh1 Rg5 1/2-1/2

[Event "Indywidualne Mistrzostwa Polski Mlodzikow do lat 10 - Chlopcy"]
[Site "Szklarska Poreba"]
[Date "1899-12-30"]
[Round "1.10"]
[White "Jasiulewicz, Kamil"]
[Black "Kwapisz, Piotr"]
[Result "0-1"]
[WhiteTitle "II"]
[BlackTitle "II"]
[WhiteElo "1075"]
[BlackElo "1326"]

1. d4 Nf6 2. c4 e6 3. Nf3 Bb4+ 4. Bd2 Bxd2+ 5. Nbxd2 d6 6. e3 b6 7. Be2 Bb7 8.
O-O O-O 9. Qc2 Nbd7 10. Rac1 Qe7 11. Nb3 c5 12. Rfd1 Rfd8 13. h3 Rac8 14. Nh2
e5 15. d5 Nf8 16. Nf1 Ng6 17. Ng3 Re8 18. e4 Nf4 19. Bf3 Rcd8 20. Re1 Bc8 21.
Kh2 Qd7 22. Nf5 g6 23. Nh6+ Kg7 24. Ng4 h5 25. Nxf6 Kxf6 26. g4 Rh8 27. Kg3 hxg4
28. Rh1 gxf3 29. Kxf3 Rxh3+ 30. Rxh3 Qxh3# 0-1

[Event "Indywidualne Mistrzostwa Polski Mlodzikow do lat 10 - Chlopcy"]
[Site "Szklarska Poreba"]
[Date "1899-12-30"]
[Round "1.11"]
[White "Wojtacha, Krzysztof"]
[Black "Kudraszow, Filip"]
[Result "1-0"]
[WhiteTitle "II"]
[BlackTitle "II"]
[WhiteElo "1280"]
[BlackElo "1075"]

1. e4 c5 2. Nf3 Nc6 3. d4 cxd4 4. Nxd4 g6 5. c4 Bg7 6. Be3 Nf6 7. Nc3 Ng4 8. Qxg4
Nxd4 9. Qd1 Ne6 10. Qd2 O-O 11. Be2 d6 12. O-O Bd7 13. Rad1 Rc8 14. f4 Nc5 15.
e5 Re8 16. Bxc5 Rxc5 17. exd6 Qb6 18. Kh1 Bxc3 19. Qxc3 exd6 20. Bf3 Rec8 21.
b3 Qa6 22. Rd2 b5 23. Qf6 bxc4 24. Rxd6 Qb5 25. a4 Qxb3 26. Rxd7 c3 27. Rfd1 Rf8
28. Rd8 Rc8 29. Rxf8+ Rxf8 30. Rc1 c2 31. Bg4 Qe3 32. Qb2 Re8 33. Rf1 Qxf4 34.
Bf3 Qxa4 35. Qc3 Qa2 36. Kg1 Qb1 37. Bd5 Qb6+ 38. Kh1 Qb1 39. Bxf7+ Kf8 40. Qh8+
Ke7 41. Qxe8+ Kd6 42. Qe6+ Kc5 43. Qd5+ Kb4 44. Qb7+ 1-0

[Event "Indywidualne Mistrzostwa Polski Mlodzikow do lat 10 - Chlopcy"]
[Site "Szklarska Poreba"]
[Date "1899-12-30"]
[Round "1.12"]
[White "Kowalczyk, Jakub"]
[Black "Komendecki, Antoni"]
[Result "0-1"]
[WhiteTitle "II"]
[BlackTitle "II"]
[WhiteElo "1070"]
[BlackElo "1271"]

1. e4 c5 2. Nf3 g6 3. d4 cxd4 4. Nxd4 Nf6 5. Nc3 d6 6. Bb5+ Nbd7 7. O-O Bg7 8.
Bg5 O-O 9. Re1 a6 10. Bd3 b5 11. a3 Bb7 12. Qd2 Rc8 13. Bh6 Nb6 14. Bxg7 Kxg7
15. Rac1 Nc4 16. Bxc4 Rxc4 17. Qd3 Qb6 18. Rcd1 Nd7 19. Nb3 Ne5 20. Qe3 Qxe3 21.
Rxe3 Rc7 22. Na5 Rfc8 23. Nxb7 Rxb7 24. Ree1 Nc4 25. Rb1 Nxb2 26. Rxb2 Rxc3 27.
a4 b4 28. Ra1 Ra3 29. Rba2 Rxa2 30. Rxa2 b3 31. Rb2 bxc2 0-1

[Event "Indywidualne Mistrzostwa Polski Mlodzikow do lat 10 - Chlopcy"]
[Site "Szklarska Poreba"]
[Date "1899-12-30"]
[Round "1.13"]
[White "Bochniak, Franciszek"]
[Black "Kawa, Bartlomiej"]
[Result "1-0"]
[WhiteTitle "II"]
[BlackTitle "II"]
[WhiteElo "1263"]
[BlackElo "1060"]

1. d4 d5 2. c4 e6 3. Nc3 Nf6 4. Bg5 Be7 5. e3 O-O 6. Nf3 c6 7. Bxf6 Bxf6 8. cxd5
exd5 9. Bd3 Nd7 10. O-O Re8 11. Qc2 g6 12. Rab1 Bg7 13. b4 a6 14. a4 Nf6 15. a5
Be6 16. Na4 Nd7 17. Qc3 Qc7 18. Nc5 Nxc5 19. bxc5 Bf6 20. Rb6 Ra7 21. Rfb1 Bc8
22. Nd2 Kg7 23. e4 dxe4 24. Nxe4 Rd8 25. Nxf6 Kxf6 26. Re1 Kg7 27. d5+ Kg8 28.
d6 Qd7 29. Re7 Qg4 30. Qf6 Rf8 31. Be2 Qf5 32. Qxf5 Bxf5 33. Rbxb7 Rxb7 34. Rxb7
Re8 35. Re7 Kf8 36. Rxe8+ Kxe8 37. Bxa6 Kd7 38. Bb7 Bd3 39. a6 Bxa6 40. Bxa6 f6
41. f4 h5 42. h4 Kd8 43. g4 hxg4 44. f5 gxf5 45. h5 f4 46. h6 f5 47. h7 Kd7 48.
h8=Q f3 49. Qe5 f2+ 50. Kf1 f4 51. Qe7# 1-0

[Event "Indywidualne Mistrzostwa Polski Mlodzikow do lat 10 - Chlopcy"]
[Site "Szklarska Poreba"]
[Date "1899-12-30"]
[Round "1.14"]
[White "Szreter, Marek"]
[Black "Dobosiewicz, Dawid"]
[Result "0-1"]
[WhiteTitle "II"]
[BlackTitle "II"]
[WhiteElo "1056"]
[BlackElo "1263"]

1. e4 c5 2. Nf3 e6 3. c3 Nf6 4. e5 Nd5 5. d4 cxd4 6. cxd4 d6 7. Nc3 Nxc3 8. bxc3
b6 9. Bd3 Bb7 10. O-O Be7 11. Re1 O-O 12. exd6 Qxd6 13. Ne5 Nd7 14. Bf4 Nxe5 15.
Bxe5 Qd8 16. Qh5 g6 17. Qh6 Bf6 18. Re3 Bxe5 19. Rxe5 Qf6 20. Rh5 Qg7 21. Qxg7+
Kxg7 22. Rh3 Rfd8 23. Re1 Rac8 24. Be4 Bxe4 25. Rxe4 Rc4 26. Reh4 h5 27. Rg3 Kh6
28. Rf4 Rd7 29. Rgf3 f5 30. Re3 Rd6 31. h4 Kg7 32. Kf1 Ra4 33. Re2 Ra3 34. Rc2
Rc6 35. Rf3 Ra4 36. Rd2 Kf6 37. Ke2 Ra3 38. Rc2 Rc4 39. Rd3 b5 40. g3 b4 41. Kd2
bxc3+ 42. Rdxc3 Rxd4+ 43. Ke3 Rxc3+ 44. Rxc3 Ra4 45. Rc2 Ke5 46. Rc5+ Kd6 47.
Rc2 e5 48. Rd2+ Kc5 49. Kf3 Ra6 50. Re2 Ra3+ 51. Kg2 e4 52. Rc2+ Kd6 53. Rd2+
Ke5 54. Rc2 Ra6 55. a3 Kd4 56. Rc7 Ke5 57. a4 Kd6 58. Rg7 Kc5 59. Rb7 Rxa4 60.
Rg7 Ra6 0-1

[Event "Indywidualne Mistrzostwa Polski Mlodzikow do lat 10 - Chlopcy"]
[Site "Szklarska Poreba"]
[Date "1899-12-30"]
[Round "1.15"]
[White "Liskiewicz, Jakub"]
[Black "Futyma, Dawid"]
[Result "1-0"]
[WhiteTitle "I"]
[BlackTitle "II"]
[WhiteElo "1260"]
[BlackElo "1044"]

1. d4 Nf6 2. c4 g6 3. Nc3 Bg7 4. e4 d6 5. f4 Nbd7 6. Nf3 O-O 7. e5 Ne8 8. Be2 c5
9. dxc5 Nxc5 10. Be3 Qc7 11. exd6 Nxd6 12. Nd5 Qa5+ 13. b4 Qa3 14. Bxc5 Nf5 15.
Rb1 Kh8 16. Qb3 Qxb3 17. Rxb3 Re8 18. Nc7 1-0

[Event "Indywidualne Mistrzostwa Polski Mlodzikow do lat 10 - Chlopcy"]
[Site "Szklarska Poreba"]
[Date "1899-12-30"]
[Round "1.16"]
[White "Uhryn, Lukasz"]
[Black "Balis, Sebastian"]
[Result "1-0"]
[WhiteTitle "II"]
[BlackTitle "II"]
[WhiteElo "1042"]
[BlackElo "1253"]

1. e4 c5 2. Nf3 e6 3. d4 cxd4 4. Nxd4 a6 5. Nc3 Qc7 6. Be3 Nc6 7. f3 Nf6 8. Qd2
Be7 9. O-O-O d6 10. h4 b5 11. g4 Na5 12. h5 Bb7 13. h6 Nd7 14. hxg7 Rg8 15. Rxh7
Bf6 16. Rh8 Rxh8 17. gxh8=R+ Bxh8 18. Qh2 Ke7 19. Bg5+ Nf6 20. f4 e5 21. Nf5+
Ke6 22. Rxd6+ Qxd6 23. Nxd6 Kxd6 24. fxe5+ Ke6 25. Bxf6 Bxf6 26. exf6 b4 27. Nd5
Bxd5 28. exd5+ Kxd5 29. Bg2+ Ke6 30. Bxa8 Kxf6 31. Qf4+ Kg6 32. Be4+ Kg7 33. Qg5+
Kf8 34. Qxa5 Ke8 35. Bc6+ Kf8 36. Qc5+ Kg8 37. g5 Kg7 38. Qe7 Kg6 39. Be4+ Kg7
40. Qf6+ Kf8 41. Bc6 b3 42. g6 bxa2 43. Qxf7# 1-0

[Event "Indywidualne Mistrzostwa Polski Mlodzikow do lat 10 - Chlopcy"]
[Site "Szklarska Poreba"]
[Date "1899-12-30"]
[Round "1.17"]
[White "Jasiulewicz, Dawid"]
[Black "Adamala, Tomasz"]
[Result "1-0"]
[WhiteTitle "II"]
[BlackTitle "III"]
[WhiteElo "1253"]
[BlackElo "1036"]

1. d4 d5 2. Nf3 Bg4 3. Nbd2 Nf6 4. e3 e6 5. c4 c5 6. Qc2 Nbd7 7. Be2 Bd6 8. O-O
O-O 9. b3 Qc7 10. Bb2 Rac8 11. Rac1 Bf5 12. Bd3 Rfd8 13. Bxf5 exf5 14. Qxf5 dxc4
15. Nxc4 b5 16. Nxd6 Qxd6 17. dxc5 Rxc5 18. Rxc5 Qxc5 19. Qd3 Qc7 20. Rd1 Rc8
21. h3 h6 22. Qxb5 Nb6 23. Qf5 Qc2 24. Qxc2 Rxc2 25. Rd2 Rc5 26. Bd4 Rc1+ 27.
Kh2 Ne4 28. Rb2 a5 1-0

[Event "Indywidualne Mistrzostwa Polski Mlodzikow do lat 10 - Chlopcy"]
[Site "Szklarska Poreba"]
[Date "1899-12-30"]
[Round "1.18"]
[White "Dunda, Szymon"]
[Black "Klim, Juliusz"]
[Result "0-1"]
[WhiteTitle "II"]
[BlackTitle "II"]
[WhiteElo "1030"]
[BlackElo "1239"]

1. e4 e5 2. Nf3 Nc6 3. Bc4 Bc5 4. c3 Nf6 5. d3 d6 6. Bb3 O-O 7. Nbd2 Be6 8. h3
Re8 9. Nf1 d5 10. Qe2 Qd6 11. g4 Rad8 12. Ng3 dxe4 13. dxe4 Qd3 14. Bg5 Bxb3 15.
axb3 Qxe2+ 16. Kxe2 Rd6 17. Rad1 Ree6 18. Rxd6 Rxd6 19. Rd1 Rxd1 20. Kxd1 Bxf2
21. Bxf6 Bxg3 22. Bg5 f6 23. Be3 Kf7 24. Ke2 a6 25. Kf1 g5 26. Kg2 Bf4 27. Bxf4
gxf4 28. g5 Na5 29. b4 Nc4 30. b3 Ne3+ 31. Kg1 Nd1 32. c4 Nc3 33. Ne1 Nxe4 34.
gxf6 Kxf6 35. Nd3 b6 36. c5 bxc5 37. Nxc5 Nxc5 38. bxc5 Kf5 39. c6 f3 40. b4 Kf4
41. b5 axb5 42. h4 e4 43. h5 e3 44. h6 Kg3 45. Kh1 e2 46. Kg1 e1=R# 0-1

[Event "Indywidualne Mistrzostwa Polski Mlodzikow do lat 10 - Chlopcy"]
[Site "Szklarska Poreba"]
[Date "1899-12-30"]
[Round "1.19"]
[White "Nocek, Dominik"]
[Black "Zabrzanski, Marcin"]
[Result "1/2-1/2"]
[WhiteTitle "II"]
[BlackTitle "II"]
[WhiteElo "1232"]
[BlackElo "1013"]

1. e4 c5 2. Nf3 e6 3. c3 d5 4. exd5 exd5 5. Bb5+ Bd7 6. Bxd7+ Nxd7 7. d4 Ngf6 8.
O-O Bd6 9. Re1+ Ne4 10. Be3 c4 11. Nbd2 f5 12. Nxe4 fxe4 13. Ng5 Qf6 14. Qh5+
Qg6 15. Qh3 Ke7 16. Qh4 Ke8 17. Nh3 Be7 18. Qg3 Bd6 19. Nf4 Bxf4 20. Qxf4 Rf8
21. Qg5 Qxg5 22. Bxg5 h6 23. Bh4 g5 24. Bg3 Ke7 25. Kf1 Ke6 26. Ke2 h5 27. h3
h4 28. Bh2 Rf7 29. Rf1 b5 30. f3 Raf8 31. Rf2 exf3+ 32. Rxf3 Rxf3 33. gxf3 1/2-1/2

[Event "Indywidualne Mistrzostwa Polski Mlodzikow do lat 10 - Chlopcy"]
[Site "Szklarska Poreba"]
[Date "1899-12-30"]
[Round "1.20"]
[White "Dobrowolski, Kamil"]
[Black "Zmarzly, Wiktor"]
[Result "1/2-1/2"]
[WhiteTitle "III"]
[BlackTitle "II"]
[WhiteElo "1006"]
[BlackElo "1226"]

1. e4 c5 2. Nf3 Nc6 3. d4 cxd4 4. Nxd4 Nf6 5. Nc3 d6 6. Be3 Ng4 7. Be2 Nxe3 8.
fxe3 e6 9. O-O Be7 10. Bb5 Bd7 11. Bxc6 bxc6 12. Qh5 g6 13. Qh6 Bf8 14. Qf4 Qe7
15. e5 d5 16. Rf2 Bg7 17. e4 O-O 18. exd5 exd5 19. Re1 Qb4 20. Nxc6 Qxf4 21. Ne7+
Kh8 22. Rxf4 Bh6 23. Rf2 d4 24. Ncd5 Be6 25. Re4 Bxd5 26. Nxd5 Rad8 27. Nf4 Rfe8
28. g3 Re7 29. Kf1 Bg7 30. e6 f5 31. Re1 Rd6 32. h4 Bh6 33. Rfe2 Bxf4 34. gxf4
Kg7 35. b4 Kf6 36. a4 Rexe6 37. Rxe6+ Rxe6 38. Rxe6+ Kxe6 39. Ke2 Kd5 40. Kd3
h6 41. a5 a6 42. b5 axb5 43. a6 Kc6 44. a7 Kb7 45. a8=Q+ Kxa8 46. Kxd4 Kb7 47.
Kc5 Ka6 48. c4 bxc4 49. Kxc4 Kb6 50. Kd5 Kb5 51. Ke6 Kc5 1/2-1/2

[Event "Indywidualne Mistrzostwa Polski Mlodzikow do lat 10 - Chlopcy"]
[Site "Szklarska Poreba"]
[Date "1899-12-30"]
[Round "1.21"]
[White "Rosa, Antoni"]
[Black "Karwot, Marek"]
[Result "1-0"]
[WhiteTitle "II"]
[BlackTitle "III"]
[WhiteElo "1203"]
[BlackElo "1006"]

1. c4 Nf6 2. Nc3 e5 3. g3 d6 4. Bg2 c6 5. d3 Be6 6. Bg5 Nbd7 7. e4 h6 8. Bd2 Be7
9. Nge2 O-O 10. O-O Nc5 11. Be3 d5 12. cxd5 cxd5 13. exd5 Nxd5 14. d4 exd4 15.
Bxd4 Na6 16. Bxg7 Nxc3 17. Bxc3 Qb6 18. Qd4 Qxd4 19. Nxd4 Bc8 20. Be4 Nc5 21.
Bf5 Re8 22. Rfe1 Bxf5 23. Nxf5 Bf8 24. Rxe8 Rxe8 25. Re1 Rxe1+ 26. Bxe1 Nd3 27.
Bc3 Kh7 28. f4 b5 29. a3 b4 30. axb4 Nxb4 31. Kf1 Kg6 32. Nh4+ Kh5 33. h3 Nd3
34. Bf6 Nf2 35. Kxf2 a5 36. g4# 1-0

[Event "Indywidualne Mistrzostwa Polski Mlodzikow do lat 10 - Chlopcy"]
[Site "Szklarska Poreba"]
[Date "1899-12-30"]
[Round "1.22"]
[White "Wolski, Ernest"]
[Black "Grobelny, Mikolaj"]
[Result "0-1"]
[WhiteTitle "II"]
[BlackTitle "II+"]
[WhiteElo "1004"]
[BlackElo "1177"]

1. e4 e6 2. d4 d5 3. e5 c5 4. c3 Nc6 5. Nf3 Qb6 6. Bd3 Bd7 7. Bc2 Rc8 8. O-O cxd4
9. cxd4 Nb4 10. Nc3 Nxc2 11. Qxc2 Bb4 12. Bd2 Bxc3 13. Bxc3 Ne7 14. Rac1 Nf5 15.
Qd2 O-O 16. h3 Qa6 17. a3 Bb5 18. Rfe1 Bd3 19. Bb4 Rfd8 20. Rc3 Rxc3 21. Qxc3
Qc4 22. g4 Qxc3 23. Bxc3 Ne7 24. Re3 Bc4 25. Nd2 Nc6 26. a4 Ne7 27. b4 Ng6 28.
Kh2 Nf4 29. Nxc4 dxc4 30. Re4 Nd5 31. Be1 c3 32. Re2 Rc8 33. Rc2 Kf8 34. Kg3 Rc4
35. a5 Rxd4 36. f3 Rd3 37. Kf2 Nxb4 38. Rxc3 Rxc3 39. Bxc3 Nd5 40. Bd2 Ke8 41.
Ke2 Kd7 42. Kd3 Kc6 43. Kc4 b6 44. h4 a6 45. axb6 Nxb6+ 46. Kb3 Kd5 47. Bf4 Nc4
48. Bg3 Nd2+ 49. Kc2 Nxf3 0-1

[Event "Indywidualne Mistrzostwa Polski Mlodzikow do lat 10 - Chlopcy"]
[Site "Szklarska Poreba"]
[Date "1899-12-30"]
[Round "2.1"]
[White "Rosa, Antoni"]
[Black "Warchol, Kamil"]
[Result "0-1"]
[WhiteTitle "II"]
[BlackTitle "CM"]
[WhiteElo "1203"]
[BlackElo "1622"]

1. c4 e5 2. g3 Nf6 3. Bg2 d5 4. cxd5 Nxd5 5. Nc3 Be6 6. a3 c6 7. Nf3 Qc7 8. O-O
Be7 9. Qc2 O-O 10. d3 h6 11. Bd2 Nd7 12. Ne1 Rac8 13. Rc1 Qb8 14. e4 N5b6 15.
Nf3 Qd6 16. Be3 f5 17. exf5 Bxf5 18. Ne4 Qg6 19. Bxb6 axb6 20. Rfe1 Rce8 21. Rcd1
Bg4 22. Ned2 Qh5 23. Qc4+ Kh8 24. Qe4 Bd6 25. Rc1 Nc5 26. Qe3 Qf5 27. Nh4 Qxd3
28. Qxd3 Nxd3 29. Ng6+ Kg8 30. Nxf8 Rxf8 31. Nc4 Bc5 32. Nxe5 Bxf2+ 33. Kh1 Bxe1
34. Nxd3 Bd2 35. Rc2 Be3 36. Ne5 Bf5 37. Re2 Bd4 38. Nf3 Bf6 39. Rd2 b5 40. h3
Be4 41. Nd4 Bxg2+ 42. Kxg2 Rd8 0-1

[Event "Indywidualne Mistrzostwa Polski Mlodzikow do lat 10 - Chlopcy"]
[Site "Szklarska Poreba"]
[Date "1899-12-30"]
[Round "2.2"]
[White "Wielgus, Wojciech"]
[Black "Bieronski, Nikodem"]
[Result "1-0"]
[WhiteTitle "I"]
[BlackTitle "II"]
[WhiteElo "1572"]
[BlackElo "1168"]

1. e4 e6 2. d4 d5 3. Nc3 Bb4 4. e5 c5 5. a3 Bxc3+ 6. bxc3 Ne7 7. Qg4 O-O 8. Bd3
f5 9. exf6 Rxf6 10. Bg5 e5 11. Qh4 Qa5 12. Qxh7+ Kf8 13. Bxf6 gxf6 14. Qh6+ Ke8
15. Qd2 exd4 16. cxd4 Qxd2+ 17. Kxd2 cxd4 18. Nf3 Nbc6 19. h4 Bg4 20. h5 Kf7 21.
Be2 Bf5 22. Nh4 Bh7 23. Bd3 f5 24. f3 Rg8 25. g4 Ne5 26. Rag1 Nxd3 27. cxd3 Rg5
28. Nxf5 Bxf5 29. gxf5 Rxf5 30. h6 Ng6 31. Rxg6 Kxg6 32. h7 Rf8 33. h8=Q Rxh8
34. Rxh8 Kf5 35. Rh5+ Kf4 36. Rxd5 Kxf3 37. Rxd4 Kg3 38. Ke3 Kh3 39. Kf3 Kh2 40.
Kf2 Kh3 41. a4 a6 42. a5 b5 43. axb6 a5 44. Ra4 Kh2 45. Rh4# 1-0